| Tag |
First Indicator |
Second Indicator |
Subfields |
| LEADER |
00000cgm a2200000Ia 4500 |
| 001 |
in00002706384 |
| 005 |
20151202142317.0 |
| 007 |
vd mvaizu |
| 008 |
100524s2003 nyu084 vlspa d |
| 035 |
|
|
|a (OCoLC)ocn630183422
|
| 035 |
|
|
|a (OCoLC)630183422
|
| 040 |
|
|
|a SNN
|c SNN
|d NHM
|d UMC
|d OCLCA
|d UtOrBLW
|
| 041 |
1 |
|
|a spa
|j eng
|h spa
|
| 043 |
|
|
|a s-ag---
|
| 049 |
|
|
|a TXAM
|
| 050 |
|
4 |
|a HV6322.3.A7
|b R83 2003
|
| 245 |
0 |
4 |
|a Los rubios :
|b The blonds /
|c Barry Ellsworth presenta ; una película de Albertina Carri ; productor, Barry Ellsworth.
|
| 246 |
3 |
1 |
|a Blonds
|
| 264 |
|
1 |
|a New York, NY :
|b Women Make Movies,
|c 2003.
|
| 300 |
|
|
|a 1 videodisc (84 min.) :
|b sound, color with black and white sequences ;
|c 4 3/4 in.
|
| 336 |
|
|
|a two-dimensional moving image
|b tdi
|2 rdacontent
|
| 337 |
|
|
|a video
|b v
|2 rdamedia
|
| 338 |
|
|
|a videodisc
|b vd
|2 rdacarrier
|
| 546 |
|
|
|a In Spanish with English subtitles.
|
| 538 |
|
|
|a DVD-R.
|
| 500 |
|
|
|a This disc is a recorded DVD and may not play on all DVD players or drives.
|
| 511 |
1 |
|
|a Analía Couceyro, Albertina Carri, Marcelo Zanelli, Santiago Giralt, Jesica Suarez.
|
| 508 |
|
|
|a Camera, Catalina Fernández ; editor, Alejandra Almirón.
|
| 500 |
|
|
|a Duration on disc label: 89 min.
|
| 520 |
|
|
|a Using a combination of fiction and documentary, Albertina Carri traces her parents' disappearance in 1977 during the regime of the Argentine junta.
|
| 500 |
|
|
|a Videorecording.
|
| 600 |
1 |
0 |
|a Carri, Albertina,
|d 1973-
|
| 650 |
|
0 |
|a Disappeared persons
|z Argentina
|x History
|y 20th century.
|
| 650 |
|
0 |
|a State-sponsored terrorism
|z Argentina
|x History
|y 20th century.
|
| 655 |
|
7 |
|a Documentary-style films.
|2 lcgft
|
| 655 |
|
7 |
|a Nonfiction films.
|2 lcgft
|
| 700 |
1 |
|
|a Carri, Albertina,
|d 1973-
|
| 700 |
1 |
|
|a Ellsworth, Barry.
|
| 700 |
1 |
|
|a Pauls, Alan.
|
| 700 |
1 |
|
|a Couceyro, Analía.
|
| 700 |
1 |
|
|a Zanelli, Marcelo,
|d 1963-
|
| 700 |
1 |
|
|a Giralt, Santiago,
|d 1977-
|
| 700 |
1 |
|
|a Suarez, Jessica,
|d 1975-
|
| 710 |
2 |
|
|a Women Make Movies (Firm)
|
| 994 |
|
|
|a C0
|b TXA
|
| 948 |
|
|
|a cataloged
|b h
|c 2011/8/29
|d c
|e blrosas
|f 12:00:38 pm
|
| 999 |
|
|
|a MARS
|
| 999 |
f |
f |
|s 3cd592ac-c8ba-3857-987c-a4daf8ce8648
|i c7ff8e0c-9c23-3138-b0d6-6695b52af6c0
|t 0
|
| 952 |
f |
f |
|p ric
|a Texas A&M University
|b Rellis Campus
|c Joint Library Facility
|d Remote Storage
|t 0
|e HV6322.3.A7 R83 2003
|h Library of Congress classification
|i video -- videodisc
|m A14841134750
|
| 998 |
f |
f |
|a HV6322.3.A7 R83 2003
|t 0
|l Remote Storage
|